Normal view
MARC view
- Juventud y violencia
Entry Materia
001 - NÚMERO DE CONTROL DEL REGISTRO
- campo de control: 20399
003 - IDENTIFICADOR DE NUMERO DE CONTROL
- campo de control: MX-MxUPN
005 - FECHA Y HORA DE LA ÚLTIMA TRANSACCIÓN
- campo de control: 20240711205131.0
008 - DATOS DE LONGITUD FIJA
- campo de control de longitud fija: 240711nn|acannbabn n ana |d
035 ## - NÚMERO DE CONTROL DEL SISTEMA
- Número de control del sistema: UPN10000020408
040 ## - FUENTE DE LA CATALOGACIÓN
- Lengua de catalogación: spa
- Agencia de transcripción: DLC
- Centro catalogador de origen: DLC
- Agencia de modificación: MX-MxUPN
053 #4 - NÚMERO CLASIFICADOR - BIBLIOTECA DEL CONGRESO (LC)
- Elemento numérico de la clasificación - Número único o no. inicial del rango: HQ799.2 V5.6
150 ## - ENCABEZAMIENTO - TEMÁTICO
- Término de materia o nombre geográfico como elemento inicial: Juventud y violencia
670 ## - FUENTE EN LA QUE SE LOCALIZARON DATOS
- Cita de la fuente: Autoridades LC, 11 julio 2024 :
- Información localizada: (Youth and violence)
- Identificador Uniforme del Recurso: https://lccn.loc.gov/sh99000309
902 ## - CATALOGADOR
- Catalogador: MMA/090512
